[Event "12th World Uni Women"]
[Site "Guimaraes POR"]
[Date "2012.08.20"]
[Round "1.4"]
[White "Severiukhina,Z"]
[Black "Carreras Mendiolea,P"]
[Result "1/2-1/2"]
[WhiteElo "2352"]
[BlackElo "1962"]

1.e4 c5 2.Nf3 d6 3.d4 cxd4 4.Nxd4 Nf6 5.Nc3 a6 6.Be3 e5 7.Nb3 Be7 8.Qd2 Qc7
9.O-O-O Be6 10.f3 Nbd7 11.g4 Nc5 12.g5 Nfd7 13.h4 O-O-O 14.Bh3 Nb6 15.Qh2 Kb8
16.Nxc5 dxc5 17.Bf2 Nc4 18.Bxe6 fxe6 19.Bg3 Rhf8 20.b3 Nd6 21.Bxe5 Rxf3 22.Qe2 Rdf8
23.Kb2 Nc4+ 24.Qxc4 Qxe5 25.a4 Bd8 26.Rd3 Rxd3 27.Qxd3 Ba5 28.Rh3 Rd8 29.Qg3 Bxc3+
30.Qxc3 Rd4 31.Re3 b6 32.Ka2 g6 33.Qe1 Kb7 34.c3 Rd7 35.Kb2 Kc6 36.Kc2 Qf4
37.e5 Qf5+ 38.Kb2 Qg4 39.Kc1 Qg2 40.Re2 Qd5 41.Kb2 Qd3 42.Qh1+ Kc7 43.Qe4 Qxe4
44.Rxe4 Rd2+ 45.Kc1 Rf2 46.Kd1 Kc6 47.c4 b5 48.axb5+ axb5 49.Ke1 Rf3 50.Kd2 Rxb3
51.cxb5+ Rxb5 52.Rf4 Rb4 53.Rf6 Kd5 54.h5 gxh5 55.Rh6 Kxe5 56.Rxh7 Kf5 57.Rxh5 Rb6
58.g6+ Kxg6 59.Rxc5 Rb3 60.Ke2 Rh3 61.Ra5 Kf6 62.Rb5 e5 63.Ra5 Kf5 64.Ra4 Rh2+
65.Ke3 Rh3+ 66.Ke2 Rb3 67.Kf2 Rb2+ 68.Kf3 Rb3+ 69.Ke2 e4 70.Ra8 Rb5 71.Rf8+ Ke5
72.Re8+ Kd4 73.Rd8+ Rd5 74.Rxd5+ Kxd5 75.Ke3 Ke5 76.Ke2 Kd4 77.Kd2 e3+ 78.Ke2 Ke4
79.Ke1 Kf3 80.Kf1 e2+ 81.Ke1 Ke3  1/2-1/2

[Event "12th World Uni Women"]
[Site "Guimaraes POR"]
[Date "2012.08.20"]
[Round "1.5"]
[White "Salazar Loor,S"]
[Black "Kadziolka,B"]
[Result "1/2-1/2"]
[WhiteElo "1887"]
[BlackElo "2311"]

1.e4 c5 2.Nf3 d6 3.d4 cxd4 4.Nxd4 Nf6 5.Nc3 a6 6.Be3 e5 7.Nb3 Be7 8.f3 Be6
9.Qd2 O-O 10.Nd5 Bxd5 11.exd5 Nbd7 12.c4 a5 13.a4 e4 14.f4 Ng4 15.Be2 Bh4+
16.g3 Nxe3 17.Qxe3 Bf6 18.Ra2 Re8 19.O-O Qc7 20.g4 g6 21.Nd2 Nc5 22.g5 Bh8
23.f5 Qb6 24.f6 Nxa4 25.Qxb6 Nxb6 26.Rf4 h6 27.h4 Nd7 28.Nxe4 b6 29.Bg4 hxg5
30.hxg5 Nc5 31.Nxc5 bxc5 32.Bd7 Re5 33.Rg4 Ra7 34.Bc6 Rf5 35.b3 Bxf6 36.gxf6 Rxf6
37.Re2 Rf3 38.Ba4 Kg7 39.Kg2 Rc3 40.Rge4 Kf6 41.R4e3 Rc1 42.Rf2+ Kg7 43.Re8 f5
44.Rd8 Ra6 45.Bc6 Rb6 46.Ba4 Re1 47.Ra8 Ra1 48.Re2 Kf6 49.Rc8 Kg5 50.Kf3 Rf1+
51.Rf2 Rxf2+ 52.Kxf2 Kf4 53.Rc6 Rb7 54.Rxd6 g5 55.Rd7 Rb8 56.Rh7 Rb6 57.Bb5 g4
58.Rh5 g3+ 59.Kg2 Kg4 60.Rh7 f4 61.Bd7+ Kg5 62.Bb5 Kf5 63.Kf3 Rg6 64.Bd7+ Ke5
65.Bh3 Kd4 66.Bg2 Kc3 67.Rb7 a4 68.bxa4 Kxc4 69.Kxf4 Kd4 70.a5 c4 71.Rb6 Rxb6
72.axb6 c3 73.b7 c2 74.b8=Q c1=Q+ 75.Kxg3 Qg5+ 76.Kf3 Qxd5+ 77.Kg3 Qb3+  1/2-1/2

[Event "12th World Uni Men"]
[Site "Guimaraes POR"]
[Date "2012.08.21"]
[Round "4.11"]
[White "Schaerer,J"]
[Black "Rojas Alarcon,J"]
[Result "1-0"]
[WhiteElo "2240"]
[BlackElo "2344"]

1.e4 c5 2.Nf3 d6 3.d4 cxd4 4.Nxd4 Nf6 5.Nc3 a6 6.Be3 e5 7.Nf3 Be7 8.Bc4 O-O
9.O-O Qc7 10.Bb3 Be6 11.Qe2 Rc8 12.Rfd1 Nbd7 13.Rac1 Bc4 14.Bxc4 Qxc4 15.Qxc4 Rxc4
16.Nd2 Rc7 17.f3 b5 18.a3 h6 19.Kf1 Rac8 20.Nb3 Kf8 21.Rd3 Ke8 22.Rcd1 Nc5
23.Nxc5 dxc5 24.Nd5 Nxd5 25.Rxd5 f6 26.Ke2 c4 27.c3 Rb7 28.g3 Rcc7 29.f4 exf4
30.gxf4 Rd7 31.Kf3 Rxd5 32.Rxd5 Rd7 33.Rxd7 Kxd7 34.f5 Bd6 35.Bf4 Bxf4 36.Kxf4 Kd6
37.Kg4 Ke7 38.Kg3 Kd7 39.Kg2 Kc6 40.Kf3 Kc5 41.Kg4 Kd6 42.Kf4 a5 43.Kg4 Kd7
44.Kg3 Kc7 45.Kf2 Kd7 46.Ke3 a4 47.Kd4 Kd6 48.h3 h5 49.h4 Kc6 50.e5 fxe5+
51.Kxe5 Kd7 52.f6 gxf6+ 53.Kxf6 Kd6 54.Kg5 Ke5 55.Kxh5 Ke4 56.Kg4 Kd3 57.h5 Kc2
58.h6 Kxb2 59.h7 Kxc3 60.h8=Q+ Kb3 61.Qa1 c3 62.Qc1 b4 63.axb4 Kxb4 64.Kf3 a3
65.Ke3 a2 66.Ke4  1-0

[Event "e2e4 Gatwick Masters B 2012"]
[Site "Crawley ENG"]
[Date "2012.08.22"]
[Round "8.3"]
[White "Lenier,J"]
[Black "Michielsen,J"]
[Result "0-1"]
[WhiteElo "2016"]
[BlackElo "2367"]

1.e4 c5 2.Nf3 d6 3.d4 cxd4 4.Nxd4 Nf6 5.Nc3 a6 6.Be3 e6 7.f3 b5 8.Qd2 Nbd7
9.O-O-O Bb7 10.g4 Nb6 11.g5 Nfd7 12.h4 Rc8 13.Rg1 b4 14.Nb1 d5 15.h5 g6 16.Qh2 Rg8
17.hxg6 hxg6 18.Nb3 dxe4 19.fxe4 Bxe4 20.Bd3 Bxd3 21.Rxd3 Qc7 22.Bf4 Qc4
23.Rd4 Qc6 24.Rgd1 Rh8 25.Qd2 Rh1 26.Na5 Rxd1+ 27.Qxd1 Qa4 28.Nb7 Qxa2 29.Nd6+ Bxd6
30.Bxd6 Nc4 31.Rxc4 Qxc4 32.Nd2 Qd4  0-1

[Event "ZMDI Open A 2012"]
[Site "Dresden GER"]
[Date "2012.08.22"]
[Round "5"]
[White "Pfeffer,R"]
[Black "Lick,P"]
[Result "1-0"]
[WhiteElo "2244"]
[BlackElo "2183"]

1.e4 c5 2.Nf3 d6 3.d4 cxd4 4.Nxd4 Nf6 5.Nc3 a6 6.Be3 e5 7.Nb3 Be6 8.f3 Nbd7
9.Qd2 h5 10.a4 Rc8 11.Be2 Be7 12.O-O O-O 13.Kh1 Nb6 14.Rad1 Bc4 15.a5 Nbd7
16.Bxc4 Rxc4 17.Rf2 Qc7 18.Rc1 Nc5 19.Nxc5 dxc5 20.Nd5 Nxd5 21.exd5 Ra4 22.f4 Bf6
23.d6 Qxa5 24.fxe5 Qxd2 25.Rxd2 Bxe5 26.Rd5 Bxb2 27.Rb1 Bd4 28.d7 Rd8 29.Bf4 Bf6
30.Bc7 Rd4 31.Rxd4 cxd4 32.Bxd8 Bxd8 33.Re1  1-0

[Event "ZMDI Open A 2012"]
[Site "Dresden GER"]
[Date "2012.08.22"]
[Round "5"]
[White "Ganguly,S"]
[Black "Gutman,L"]
[Result "1-0"]
[WhiteElo "2629"]
[BlackElo "2455"]

1.e4 c5 2.Nf3 d6 3.d4 cxd4 4.Nxd4 Nf6 5.Nc3 a6 6.Be3 e5 7.Nb3 Be7 8.f3 Be6
9.Qd2 O-O 10.O-O-O a5 11.a4 Nc6 12.g4 Nb4 13.Kb1 Qc7 14.Bb5 d5 15.g5 d4 16.gxf6 dxe3
17.Qxe3 Bxf6 18.Nc5 Rad8 19.Nxe6 fxe6 20.Rc1 Rd6 21.Be2 Rc6 22.Nb5 Qe7 23.Rhg1 Kh8
24.c3 Na6 25.Na3 Nc5 26.Bb5 Rc7 27.Rcd1 h6 28.Qe2 Rfc8 29.Qc2 b6 30.Nc4 Rb8
31.Rd2 Nd7 32.Rgd1 Nf8 33.Rd6 Rcb7 34.Qf2 Qf7 35.Nxb6 Rxb6 36.Rxb6 Qa7 37.Rdd6 Be7
38.Rd7 Nxd7 39.Rxb8+ Qxb8 40.Bxd7 Qd6 41.Bb5 Bd8 42.Qa7 Qd1+ 43.Ka2 Qxf3
44.Qd7 Qf6 45.Bc4 Qe7 46.Qxe7 Bxe7 47.Bxe6 g6 48.Kb3 Kg7 49.Kc4 Kf6 50.Bh3 Kg5
51.b4  1-0

[Event "ZMDI Open A 2012"]
[Site "Dresden GER"]
[Date "2012.08.23"]
[Round "6"]
[White "Zwahr,P"]
[Black "Wetzel,R GER"]
[Result "1-0"]
[WhiteElo "2313"]
[BlackElo "2104"]

1.e4 c5 2.Nf3 d6 3.d4 cxd4 4.Nxd4 Nf6 5.Nc3 a6 6.Be3 e6 7.f3 Be7 8.Qd2 O-O
9.O-O-O Nc6 10.g4 Nxd4 11.Bxd4 b5 12.g5 Nd7 13.h4 Rb8 14.Kb1 Qc7 15.h5 b4
16.Na4 e5 17.Be3 Nc5 18.Nxc5 dxc5 19.Bc4 Rb6 20.g6 Be6 21.gxh7+ Kxh7 22.Bxe6 fxe6
23.Qg2 Rf6 24.Rdg1 Bd6 25.Bg5 Rf7 26.h6 Kg8 27.Bd8 Qxd8 28.hxg7  1-0

[Event "2nd Isthmia Open A"]
[Site "Korinthia GRE"]
[Date "2012.08.23"]
[Round "7.21"]
[White "Aginian,N"]
[Black "Balokas,D2"]
[Result "1-0"]
[WhiteElo "2245"]
[BlackElo "2081"]

1.e4 c5 2.Nf3 d6 3.d4 cxd4 4.Nxd4 Nf6 5.Nc3 a6 6.Be3 e6 7.f3 b5 8.Qd2 Nbd7
9.g4 h6 10.O-O-O b4 11.Nce2 Qc7 12.h4 d5 13.Bg2 Nb6 14.b3 dxe4 15.g5 hxg5
16.hxg5 Rxh1 17.Rxh1 Nfd5 18.fxe4 Nxe3 19.Qxe3 g6 20.Nf4 Bg7 21.Nd3 Bb7 22.Rh7 Kf8
23.Bh3 Kg8 24.Nxe6 fxe6 25.Bxe6+ Kf8 26.e5 Ke8 27.Rxg7 Qxg7 28.Qxb6 Rd8 29.Qxb4 Rxd3
30.cxd3 Qxe5 31.Bf7+ Kxf7 32.Qxb7+ Kf8 33.Qf3+ Kg8 34.Qa8+ Kf7 35.Qb7+ Kf8
36.Qa8+ Kf7 37.Qd8 Qa1+ 38.Kc2 Qxa2+ 39.Kc3 Qa1+ 40.Kc4 Qc1+ 41.Kd5 Qc3 42.Qd7+ Kf8
43.Qd6+ Kg7 44.Qe5+  1-0

[Event "EY Boys U16 2012"]
[Site "Prague CZE"]
[Date "2012.08.23"]
[Round "7.44"]
[White "Adamciak,Tomas"]
[Black "Munteanu,A"]
[Result "0-1"]
[WhiteElo "1839"]
[BlackElo "1982"]

1.e4 c5 2.Nf3 d6 3.d4 cxd4 4.Nxd4 Nf6 5.Nc3 a6 6.Be3 e5 7.Nb3 Be6 8.f3 Be7
9.Qd2 O-O 10.O-O-O a5 11.Kb1 a4 12.Nc1 a3 13.b3 Na6 14.g4 Ne8 15.Nb5 Qc8
16.Nd3 Nec7 17.Nb4 d5 18.Nxd5 Bxd5 19.exd5 Nxd5 20.Qf2 Qc6 21.Be2 Nab4 22.c3 Qg6+  0-1

[Event "ZMDI Open A 2012"]
[Site "Dresden GER"]
[Date "2012.08.24"]
[Round "7"]
[White "Pfeffer,R"]
[Black "Zwahr,P"]
[Result "0-1"]
[WhiteElo "2244"]
[BlackElo "2313"]

1.e4 c5 2.Nf3 d6 3.d4 cxd4 4.Nxd4 Nf6 5.Nc3 a6 6.Be3 e6 7.f3 b5 8.Qd2 b4
9.Na4 Nbd7 10.O-O-O Qa5 11.b3 Bb7 12.g4 Nc5 13.a3 Nxa4 14.axb4 Qc7 15.bxa4 Nd7
16.Bf2 d5 17.Bd3 Nb6 18.a5 Na4 19.c4 dxc4 20.Qc2 Bc6 21.Qxc4 Rc8 22.Nc2 Bd6
23.Bd4 O-O 24.Kd2 Rfd8 25.Ke3 Bf4+ 26.Kf2 Bxh2 27.e5 Bxe5 28.Bxh7+ Kf8 29.Bxe5 Qxe5
30.Rh5 f5 31.f4 Qc3 32.Qxe6 Qf3+  0-1

[Event "ZMDI Open A 2012"]
[Site "Dresden GER"]
[Date "2012.08.25"]
[Round "8"]
[White "Szabo,Krisz1"]
[Black "Boettger,L"]
[Result "1-0"]
[WhiteElo "2548"]
[BlackElo "2225"]

1.e4 c5 2.Nf3 d6 3.d4 cxd4 4.Nxd4 Nf6 5.Nc3 a6 6.Be3 e6 7.f3 b5 8.Qd2 Nbd7
9.g4 Nb6 10.a4 Nc4 11.Bxc4 bxc4 12.a5 Bb7 13.Na4 d5 14.g5 Nd7 15.O-O-O Qc7
16.Bf4 e5 17.Bg3 Bd6 18.Nf5 d4 19.Nxg7+ Kf8 20.Nf5 Qc6 21.Nxd4 exd4 22.Qxd4 Bxg3
23.hxg3 Qxa4 24.Qxh8+ Ke7 25.Qc3 Rg8 26.f4 Rg6 27.Rhe1 Re6 28.e5 Nc5 29.Kb1 Be4
30.Rxe4 Nxe4 31.Qd4  1-0

[Event "BDO Premier 2012"]
[Site "Haarlem NED"]
[Date "2012.08.25"]
[Round "1.2"]
[White "Nijboer,F"]
[Black "Donchenko,Alexa"]
[Result "1-0"]
[WhiteElo "2535"]
[BlackElo "2417"]

1.e4 c5 2.Nf3 d6 3.d4 cxd4 4.Nxd4 Nf6 5.Nc3 a6 6.Be3 e5 7.Nb3 Be6 8.f3 Be7
9.Qd2 O-O 10.O-O-O a5 11.a4 Na6 12.g4 Nb4 13.Kb1 Rc8 14.g5 Ne8 15.f4 f6 16.h4 d5
17.fxe5 fxe5 18.exd5 Bf5 19.Rc1 Nd6 20.Bc5 Qd7 21.Bxd6 Qxd6 22.Bh3 Bxh3 23.Rxh3 Bd8
24.Re3 Bb6 25.Re4 Rf2 26.Qe1 Qg6 27.h5 Qxh5 28.Rxe5 Rcf8 29.Ne4 R2f3 30.Qe2 Qh3
31.d6 Kh8 32.Ned2 Rf2 33.Re8 Qf5 34.Qe7 Nd5 35.Rxf8+ Qxf8 36.Qxf8+ Rxf8 37.Nc4 Bd8
38.Rd1 Nf4 39.Nbxa5 Bxg5 40.Nxb7 h5 41.d7 Ne6 42.Re1  1-0

[Event "8th Dieppe Open A 2012"]
[Site "Dieppe FRA"]
[Date "2012.08.28"]
[Round "4.3"]
[White "Guliyev,N"]
[Black "Guilleux,F"]
[Result "1-0"]
[WhiteElo "2537"]
[BlackElo "2439"]

1.e4 c5 2.Nf3 d6 3.d4 cxd4 4.Nxd4 Nf6 5.Nc3 a6 6.Be3 e6 7.f3 b5 8.g4 h6 9.Qd2 Nbd7
10.O-O-O Bb7 11.a3 Rc8 12.h4 Ne5 13.Rg1 g6 14.g5 hxg5 15.hxg5 Nfd7 16.f4 Nc4
17.Bxc4 Rxc4 18.f5 Nc5 19.fxe6 fxe6 20.b3 Rxc3 21.Qxc3 Nxe4 22.Qd3 Qe7 23.Ne2 d5
24.Bd4 e5 25.Bb2 Rh5 26.Nc3 Nxc3 27.Qxg6+ Qf7 28.Qxf7+ Kxf7 29.Rdf1+ Kg7
30.Bxc3 d4 31.Bb4 Bxb4 32.axb4 Rh2 33.Re1 e4 34.Rd1 d3 35.cxd3 exd3 36.Rxd3 Be4
37.Rd7+ Kg6 38.Rd2 Rh3 39.Kb2 Bd3 40.Rf2 Bf5 41.Rc1 Rh5 42.Rc6+ Kxg5 43.Rxf5+  1-0

[Event "19th Graz Open 2012"]
[Site "Graz AUT"]
[Date "2012.08.29"]
[Round "5.19"]
[White "Hrenic,M"]
[Black "Cmor,N"]
[Result "1-0"]
[WhiteElo "2087"]
[BlackElo "1863"]

1.e4 c5 2.Nf3 d6 3.d4 cxd4 4.Nxd4 Nf6 5.Nc3 a6 6.Be3 e5 7.Nb3 Be7 8.f3 Be6
9.Qd2 O-O 10.O-O-O Nbd7 11.g4 b5 12.g5 b4 13.Ne2 Ne8 14.f4 a5 15.f5 Bxb3
16.cxb3 a4 17.Kb1 axb3 18.axb3 Qa5 19.Nc1 Qa1+ 20.Kc2 Rc8+ 21.Bc4 Qa8 22.Qd5 Qb8
23.Kb1 Bd8 24.Qd3 Kh8 25.h4 Bb6 26.h5 Bxe3 27.Qxe3 Nb6 28.Bb5 Nc7 29.Bc6 Na6
30.Bd5 Qc7 31.Rh2 Nc5 32.f6 Nxd5 33.fxg7+ Kxg7 34.exd5 Qd7 35.Qf3 f5 36.gxf6+ Rxf6
37.Rg2+ Kf7 38.Rf1 Qe7 39.Qe2 Ne4 40.Rfg1 Rf4 41.Rg7+  1-0

[Event "BDO Premier 2012"]
[Site "Haarlem NED"]
[Date "2012.08.29"]
[Round "5.2"]
[White "Swinkels,R"]
[Black "Nijboer,F"]
[Result "1/2-1/2"]
[WhiteElo "2482"]
[BlackElo "2535"]

1.e4 c5 2.Nf3 d6 3.d4 cxd4 4.Nxd4 Nf6 5.Nc3 a6 6.Be3 e5 7.Nf3 Be7 8.Bc4 O-O
9.O-O Qc7 10.Bb3 Be6 11.Qe2 Re8 12.Ng5 Bxb3 13.axb3 Nbd7 14.Nf3 b5 15.Bg5 b4
16.Bxf6 Nxf6 17.Nb1 d5 18.Nbd2 Bf8 19.Ne1 a5 20.f3 g6 21.Kh1 Bg7 22.Nd3 Bh6
23.Rfd1 Rad8 24.exd5 Bxd2 25.Rxd2 e4 26.Ne1 Qe5 27.Rxa5 Qxb2 28.Rd1 exf3
29.Qxf3 Ne4 30.Ra7 f5 31.d6 Qc3 32.d7 Re7 33.Qxc3 Nxc3 34.Rda1 Rexd7 35.Rxd7 Rxd7
36.Nd3 Nd5 37.Re1 Kg7 38.Kg1 Kf6 39.Re8 Rc7 40.Rd8 Ke6 41.Re8+ Kd7 42.Re5 Kd6
43.Re8 f4 44.Rb8 Rc3 45.Nxb4 Ne3 46.Rd8+ Ke6 47.Rd3 Rc8 48.c4 Kf5 49.Rd2 Ke4
50.Nd5 g5 51.h3 Rb8 52.Nc3+ Ke5 53.Nb5 Ra8 54.Nd4 Ra1+ 55.Kf2 h5 56.g3 Ke4
57.gxf4 gxf4 58.c5 Rf1+ 59.Ke2 f3+  1/2-1/2

[Event "World Youth U16 Olympiad 2012"]
[Site "Istanbul TUR"]
[Date "2012.08.29"]
[Round "1.23"]
[White "Simmonds,L"]
[Black "Torosyan,N"]
[Result "0-1"]
[WhiteElo "1718"]
[BlackElo "2188"]

1.e4 c5 2.Nf3 d6 3.d4 cxd4 4.Nxd4 Nf6 5.Nc3 a6 6.Be3 e6 7.Be2 Be7 8.O-O O-O
9.Kh1 Qc7 10.f4 Nc6 11.Qe1 Bd7 12.Qg3 b5 13.a3 Nxd4 14.Bxd4 Bc6 15.e5 dxe5
16.Bxe5 Qc8 17.Bf3 Ne8 18.Bxc6 Qxc6 19.Qf3 Qxf3 20.Rxf3 Rc8 21.Rc1 f6 22.Bd4 Nd6
23.Re1 Kf7 24.g4 Rc6 25.Re2 Rfc8 26.g5 Nf5 27.Be3 Bxa3 28.Bc1 Nd4 29.Ree3 Nxf3
30.Rxf3 Rxc3 31.bxc3 Bxc1 32.Kg2 Bb2 33.Kf2 Rxc3 34.h4 a5 35.Rxc3 Bxc3 36.Ke2 a4
37.Kd1 a3  0-1

[Event "World Youth U16 Olympiad 2012"]
[Site "Istanbul TUR"]
[Date "2012.08.29"]
[Round "1.8"]
[White "Pirverdiyev,A"]
[Black "Kenenbaev,Aidar"]
[Result "1-0"]
[WhiteElo "2179"]
[BlackElo "1639"]

1.e4 c5 2.Nf3 d6 3.d4 cxd4 4.Nxd4 Nf6 5.Nc3 a6 6.Be3 e5 7.Nf3 Be7 8.Bc4 O-O
9.O-O Be6 10.Bxe6 fxe6 11.Na4 Nfd7 12.c4 b6 13.b4 Nc6 14.Qb3 Rf6 15.Rfd1 Qb8
16.Rac1 Rg6 17.Kh1 Nd4 18.Nxd4 exd4 19.Bxd4 b5 20.Nb2 bxc4 21.Nxc4 Qb5 22.Be3 d5
23.exd5 exd5 24.Ne5 Rd6 25.Bc5 Nxc5 26.Rxc5 Qe2 27.Rcxd5 Re6 28.Rd8+  1-0

[Event "World Youth U16 Olympiad 2012"]
[Site "Istanbul TUR"]
[Date "2012.08.30"]
[Round "3.16"]
[White "Moller,Sophus Mechlenburg"]
[Black "Ozgur,T"]
[Result "1-0"]
[WhiteElo "1784"]
[BlackElo "1653"]

1.e4 c5 2.Nf3 d6 3.d4 cxd4 4.Nxd4 Nf6 5.Nc3 a6 6.Be3 e5 7.Nb3 Be6 8.f3 Be7
9.Qd2 O-O 10.O-O-O b5 11.g4 Nbd7 12.g5 Nh5 13.Ne2 Nb6 14.Na5 Nc4 15.Nxc4 Bxc4
16.Ng3 Bxf1 17.Rhxf1 Nf4 18.h4 f6 19.gxf6 Rxf6 20.Nf5 Kh8 21.Bxf4 exf4 22.h5 Re6
23.Rg1 Bf6 24.Nxd6 Qf8 25.Qd5 Re7 26.Nf5 Rc7 27.e5 Rd8 28.Qe4 Re8 29.e6 Qc5
30.Nd6 Rd8 31.Nf7+ Rxf7 32.Rxd8+ Rf8 33.Rxf8+ Qxf8 34.Rd1 Be7 35.Rd7 Bc5
36.e7  1-0

[Event "37th Trade Fair Open A"]
[Site "Brno CZE"]
[Date "2012.09.01"]
[Round "8"]
[White "Paulik,Martin"]
[Black "Licka,V"]
[Result "1-0"]
[WhiteElo "1828"]
[BlackElo "1972"]

1.e4 c5 2.Nf3 d6 3.d4 cxd4 4.Nxd4 Nf6 5.Nc3 a6 6.Be3 e5 7.Nb3 Be6 8.Qd2 Nbd7
9.Be2 Be7 10.f3 Rc8 11.g4 h6 12.O-O-O b5 13.h4 Nb6 14.g5 hxg5 15.hxg5 Rxh1
16.Rxh1 Nfd7 17.Rh8+ Nf8 18.f4 g6 19.fxe5 dxe5 20.Qxd8+ Bxd8 21.Nc5 Bxg5
22.Bxg5 Rxc5 23.Be3 Rc6 24.Nxb5 Nd7 25.Na7 Rd6 26.c4 Rd4 27.Bxd4 exd4 28.Nc6 Nc5
29.Nxd4 Nxe4 30.Nxe6 fxe6 31.Bd3 Nc5 32.Bxg6+ Ke7 33.Bc2 a5 34.Rh5 Nfd7 35.Kd2 Kd6
36.Kc3 Ne5 37.b4 axb4+ 38.Kxb4 Nc6+ 39.Kc3 Na5 40.Rh1 Nc6 41.Rb1 e5 42.Rd1+ Nd4
43.a3 Kc6 44.Re1 Kd6 45.Rh1 Nce6 46.Rh6 Kc5 47.Bd3 Nf4 48.Rh8 Nde6 49.Bf5 Ne2+
50.Kd2 N6d4 51.Rc8+ Kb6 52.Be4 Ng3 53.c5+ Ka5 54.Bd5 Kb5 55.Kd3 Ndf5 56.Bc4+  1-0

[Event "BDO Challengers 2012"]
[Site "Haarlem NED"]
[Date "2012.09.01"]
[Round "8.2"]
[White "Schoorl,R"]
[Black "Bosboom,M"]
[Result "1-0"]
[WhiteElo "2341"]
[BlackElo "2383"]

1.e4 c5 2.Nf3 d6 3.d4 cxd4 4.Nxd4 Nf6 5.Nc3 a6 6.Be3 h5 7.f3 e6 8.Qd2 Nbd7
9.a4 Qc7 10.a5 h4 11.Nb3 h3 12.g4 Ne5 13.Qe2 Nfd7 14.f4 Nc6 15.Qf2 g5 16.f5 Nce5
17.Be2 Be7 18.O-O-O Rb8 19.Ba7 Ra8 20.Kb1 Rxa7 21.Qxa7 Nc6 22.Qe3 Nxa5 23.fxe6 fxe6
24.e5 d5 25.Nxa5 Qxa5 26.Bd3 Qc5 27.Bg6+ Kd8 28.Qg3 Nb6 29.Ne4 Qb4 30.Rhe1 Nc4
31.Qc3 Qxc3 32.Nxc3 Rf8 33.Bd3 Nb6 34.Re3 Rh8 35.Bf1 Nd7 36.Ne2 Bf8 37.c4 dxc4
38.Nd4 Ke7 39.Bxc4 Nb6 40.Bb3 Rh4 41.Rc3 Rxg4 42.Rc7+ Ke8 43.Nxe6 Be7 44.Ng7+ Kf8
45.Nh5 Bf5+ 46.Ka2 Bg6 47.Rf1+ Ke8 48.Nf6+ Bxf6 49.Rxf6 Be4 50.Rxb6 Bc6 51.Rh7 Re4
52.Rxh3 a5 53.Rh7 Rxe5 54.Rbxb7 Bxb7 55.Rxb7 Kd8 56.Rg7 Kc8 57.Ka3 Kb8 58.Bc4  1-0

[Event "World Youth U16 Olympiad 2012"]
[Site "Istanbul TUR"]
[Date "2012.09.01"]
[Round "6.14"]
[White "Cibotaru,Alexandr"]
[Black "Kenenbaev,Aidar"]
[Result "0-1"]
[WhiteElo "1371"]
[BlackElo "1639"]

1.e4 c5 2.Nf3 d6 3.d4 cxd4 4.Nxd4 Nf6 5.Nc3 a6 6.Be3 e5 7.Nf3 Be7 8.Bc4 O-O
9.O-O Qc7 10.Bb3 Nbd7 11.Qd2 b5 12.a3 Bb7 13.Bg5 Nb6 14.Rad1 Rac8 15.Rfe1 h6
16.Bh4 Rfd8 17.Re2 Nc4  0-1

[Event "World Youth U16 Olympiad 2012"]
[Site "Istanbul TUR"]
[Date "2012.09.04"]
[Round "9.2"]
[White "Tan,Ju2"]
[Black "Yurtseven,M"]
[Result "1-0"]
[WhiteElo "2221"]
[BlackElo "2126"]

1.e4 c5 2.Nf3 d6 3.d4 cxd4 4.Nxd4 Nf6 5.Nc3 a6 6.Be3 e6 7.g4 Nfd7 8.Qd2 b5
9.a3 Bb7 10.O-O-O Nb6 11.f4 N8d7 12.Qf2 Rc8 13.f5 e5 14.Ne6 fxe6 15.fxe6 Qe7
16.exd7+ Nxd7 17.Nd5 Bxd5 18.exd5 g6 19.h4 Bg7 20.h5 e4 21.Kb1 Ne5 22.h6 Bf6
23.Be2 O-O 24.Qg2 Nf3 25.Bc1 Bh8 26.g5 Qe5 27.Qg4 Rce8 28.Rhf1 Qf5 29.Qg2 Re5
30.c4 bxc4 31.Bxc4 Re7 32.Ka2 Rc7 33.Qe2 Qe5 34.Bb3 Rb8 35.Rf2 Rcb7 36.Bc4 Rc7
37.Bd3 Qxd5+ 38.Kb1 exd3 39.Qxf3 Qxf3 40.Rxf3 d2 41.Rxd2 Be5 42.Rdf2 Rbc8
43.Bf4 Bd4 44.Rd2 Rc1+ 45.Ka2 R1c4 46.Bxd6 Re8 47.Rf4 Be3 48.Re2 Rcc8 49.Rg4 Rcd8
50.Bb4 Bc1 51.Rc2 Rc8 52.Re4 Bxg5 53.Rxe8+ Rxe8 54.Bd2 Be7 55.Rc6 Ra8 56.Rc7 Bf8
57.Bg5 Re8 58.Rc6 a5 59.Ra6 Re5 60.Bd2 Rd5 61.Bxa5 Bxh6 62.Ra8+ Kf7 63.Ra7+ Kg8
64.Bc3 Bf8 65.Ra5 Rd7 66.Rg5 Kf7 67.b4 Be7 68.Rg1 g5 69.a4 h5 70.a5 Kg6 71.Kb3 h4
72.b5 Kh5 73.b6 Bc5 74.Re1 h3 75.Kc4 Bf2 76.Rf1 h2 77.Be5 Bg1 78.Bxh2 Bxh2
79.Rh1 Rd2 80.Kc3 Ra2 81.b7 Ra3+ 82.Kc4 Ra4+ 83.Kb3 Kg4 84.Rxh2 Rxa5 85.b8=Q  1-0

[Event "11th Istanbul Open A"]
[Site "Istanbul TUR"]
[Date "2012.09.05"]
[Round "6"]
[White "Soltanici,R"]
[Black "Bagci,H"]
[Result "1-0"]
[WhiteElo "2425"]
[BlackElo "1881"]

1.e4 c5 2.Nf3 d6 3.d4 cxd4 4.Nxd4 Nf6 5.Nc3 a6 6.Be3 e5 7.Nf3 Be7 8.Bc4 b5
9.Bd5 Nxd5 10.Qxd5 Nc6 11.Qxc6+ Bd7 12.Qb6 O-O 13.Qxd8 Rfxd8 14.O-O-O Be6
15.Nd5 Kf8 16.Rd2 h6 17.Kb1 Rac8 18.Rhd1 Bg4 19.h3 Bh5 20.Bb6 Rd7 21.Nxe7 Kxe7
22.g4 Rb7 23.Rxd6 Bg6 24.Nh4 Bxe4 25.Nf5+ Bxf5 26.gxf5 f6 27.b4 Ke8 28.Bc5 a5
29.a3 axb4 30.axb4 Ra8 31.Kb2 Rc8 32.h4 Ra8 33.h5 Rc8 34.Kb3 Ra8 35.c4 bxc4+
36.Kxc4 Rc8 37.Ra1 Kf7 38.Rda6 Kg8 39.Ra8 Rbb8 40.Rxb8 Rxb8 41.b5 Re8 42.b6 e4
43.b7  1-0

[Event "11th Istanbul Open A"]
[Site "Istanbul TUR"]
[Date "2012.09.07"]
[Round "8"]
[White "Zengin,S"]
[Black "Erim,E"]
[Result "1-0"]
[WhiteElo "2090"]
[BlackElo "1816"]

1.e4 c5 2.Nf3 d6 3.d4 cxd4 4.Nxd4 Nf6 5.Nc3 a6 6.Be3 e6 7.f3 Be7 8.Qd2 Qc7
9.g4 b5 10.g5 Nfd7 11.O-O-O Bb7 12.Kb1 b4 13.Nce2 O-O 14.h4 Ne5 15.Nf4 Re8
16.Qg2 Nc4 17.Bxc4 Qxc4 18.b3 Qc7 19.g6 hxg6 20.Ndxe6 fxe6 21.Qxg6 Qd7 22.Nh5 Bd8
23.Rhg1 Bc8 24.Qh6 Bb7  1-0

[Event "11th Kesarovski-Stanchev Mem"]
[Site "Sunny Beach BUL"]
[Date "2012.09.07"]
[Round "7.7"]
[White "Vatter,H"]
[Black "Nikolov,Sas"]
[Result "1-0"]
[WhiteElo "2305"]
[BlackElo "2422"]

1.e4 c5 2.Nf3 d6 3.d4 cxd4 4.Nxd4 Nf6 5.Nc3 a6 6.Be3 e5 7.Nf3 Be7 8.h3 O-O
9.Bc4 Nc6 10.a4 Na5 11.Bd5 Be6 12.O-O Rc8 13.Nd2 Rxc3 14.Bxe6 Rxe3 15.Bd5 Rxh3
16.gxh3 Qc8 17.Ra3 g6 18.c4 Nc6 19.Bxc6 Qxc6 20.Re1 a5 21.Qb3 Nd7 22.Qb5 Qc7
23.Rf3 Nc5 24.Nb3 Ne6 25.Qxa5 Qxc4 26.Rc3 Qa6 27.Qxa6 bxa6 28.Rec1 Ng5 29.Nd2 d5
30.exd5 Bb4 31.h4 Bxc3 32.Rxc3 Rd8 33.hxg5 Rxd5 34.Ne4 Kg7 35.Rh3 Rd4 36.Nf6 Rxa4
37.Rxh7+ Kf8 38.Rh3 Ke7 39.Ra3 Rxa3 40.bxa3 Kd6 41.Kf1 Kc5 42.Ke2 Kc4 43.Kd2 Kb3
44.Nd7 Kxa3 45.Kc3  1-0

[Event "11th Istanbul Open A"]
[Site "Istanbul TUR"]
[Date "2012.09.08"]
[Round "9"]
[White "Harutjunyan,G"]
[Black "Reyhan,D"]
[Result "0-1"]
[WhiteElo "2449"]
[BlackElo "2396"]

1.e4 c5 2.Nc3 d6 3.Nf3 Nf6 4.d4 cxd4 5.Nxd4 a6 6.Be3 e5 7.Nb3 Be6 8.Be2 Nbd7
9.g4 h6 10.h4 Rc8 11.Bf3 Nb6 12.Qe2 Nc4 13.O-O-O Qc7 14.Rd3 Nxe3 15.Rxe3 Be7
16.Kb1 Qd7 17.Nd5 Bd8 18.Rg1 Ng8 19.Rd3 Ne7 20.Qd2 Bxd5 21.exd5 Ng6 22.Be4 Nxh4
23.f4 exf4 24.Qxf4 Bg5 25.Qg3 O-O 26.Nd4 Rfe8 27.Re1 Re5 28.Rdd1 Rce8 29.Bd3 Rxe1
30.Rxe1 Rxe1+ 31.Qxe1 g6 32.a3 Ng2 33.Qe4 Nf4 34.Ka2 Nxd3 35.cxd3 Qe7 36.Nf3 Qxe4
37.dxe4 Bf6 38.b3 h5 39.g5 Bd8 40.Kb1 f6 41.gxf6 Bxf6 42.Kc2 g5 43.e5 dxe5
44.Nd2 g4 45.Kd3 h4 46.Ne4 Kf7 47.Nf2 g3 48.Nh3 Ke7 49.Ke4 Kd6 50.a4 Bd8
51.b4 Bb6 52.a5 Bd4  0-1

[Event "TCh-NED Meesterklasse 2012-13"]
[Site "Den Bosch NED"]
[Date "2012.09.15"]
[Round "1.5"]
[White "Van Delft,M"]
[Black "Van der Stricht,G"]
[Result "1-0"]
[WhiteElo "2397"]
[BlackElo "2403"]

1.e4 c5 2.Nf3 d6 3.d4 cxd4 4.Nxd4 Nf6 5.Nc3 a6 6.Be3 Ng4 7.Bg5 h6 8.Bh4 g5
9.Bg3 Bg7 10.h3 Nf6 11.Be2 Qb6 12.Nb3 h5 13.Qd2 h4 14.Bh2 Nc6 15.f3 Be6 16.Nd5 Bxd5
17.exd5 Ne5 18.Bg1 Qc7 19.Be3 Nh5 20.O-O-O Ng3 21.Rhe1 Nxe2+ 22.Qxe2 Bf6
23.Nd2 Qa5 24.Kb1 Qxd5 25.Ne4 Qe6 26.Nxg5 Qf5 27.Ne4 O-O-O 28.Bd4 Rhg8 29.Qf2 Bh8
30.Qxh4 Rxg2 31.Qxe7 Nc4 32.Bxh8 Rxh8 33.Rd4 Kb8 34.Rxc4 d5 35.Rc7 Ka8 36.Rxb7 Qc8
37.Rc7 Qb8 38.Nc3 d4 39.Na4 Rh5 40.a3  1-0

[Event "zt 3.5 China Men 2012"]
[Site "Beijing CHN"]
[Date "2012.09.16"]
[Round "3.13"]
[White "Fan,Huifeng"]
[Black "Wang,Hao B"]
[Result "1-0"]
[WhiteElo "2062"]
[BlackElo "2185"]

1.e4 c5 2.Nf3 d6 3.d4 cxd4 4.Nxd4 Nf6 5.Nc3 a6 6.Be3 e5 7.Nf3 Be7 8.Bc4 O-O
9.O-O Bg4 10.h3 Bh5 11.Qe2 Nbd7 12.Bg5 b5 13.Bb3 Rc8 14.Bxf6 Nxf6 15.Rfd1 Rc5
16.Qe3 Qc8 17.Ne2 Qc6 18.Ng3 Bg6 19.Re1 Nd7 20.a4 b4 21.Qd3 a5 22.Nh2 Nb6
23.Ng4 Bh4 24.Nf5 Bxf5 25.exf5 Nc4 26.f6 g6 27.g3 Bg5 28.h4 h5 29.hxg5 hxg4
30.Qe4 Qxe4 31.Rxe4 Nd2 32.Rxg4 Nxb3 33.cxb3 Rfc8 34.Kg2 Kf8 35.Rh1 Ke8 36.Rh7 Rc2
37.Rgh4 Rxb2 38.Rh8+ Kd7 39.Rxc8 Kxc8 40.Rh7 e4 41.Rxf7 Rxb3 42.Re7 d5 43.Re5 Rf3
44.Rxd5 Kc7 45.Rxa5 b3 46.Rb5 Kc6 47.Rb4 Kc5 48.Rxe4 Rf5 49.g4 b2 50.Re1 Rf4
51.Kg3 Rxa4 52.Rb1 Ra3+ 53.f3 Kd4 54.Rxb2 Ra7 55.Re2 Kd3 56.Re7 Ra8 57.f7 Rf8
58.Kf4 Kd4 59.Rd7+ Kc5 60.Ke4  1-0